Statistiques concernant Clips du top 50 de l'année 2017

Cliquez ici pour prendre le quiz!

Statistiques générales

  • Ce quiz a été pris 268 fois
  • Le résultat moyen est 7 sur 8

Statistiques - réponses

Réponse% Correct
Bigflo et Oli - Dommage
97%
Orelsan - Basique
97%
Damso - Macarena
91%
Julien Doré - Coco câline
87%
Niska - Réseaux
83%
Louane - On était beau
81%
Calogero - Je joue de la musique
75%
Eddy de Pretto - Kid
63%

Distribution des résultats

Percentile par nombre de réponses

% des personnes avec chaque résultat

Votre développement - résultats

Vous n’avez pas pris ce quiz